| 000 | 00690nam a22002297a 4500 | ||
|---|---|---|---|
| 008 | 240702b mp ||||| |||| 00| 0 mon d | ||
| 020 | _a99929-0-468-2 | ||
| 035 | _a16865 | ||
| 040 |
_aZA2481090 _bmon _cMN-UlNLM _dMN-UlNLM _erda |
||
| 041 | _amon | ||
| 042 | _a40311 | ||
| 084 |
_2NNA _a28.6 _bА-35 |
||
| 100 | _aАйгнэр Э., Болормаа Г., Гантогтох Г. | ||
| 245 | 0 | _aГэрийн тэжээвэр | |
| 264 |
_aулаанбаатар _bАдмон ХХК |
||
| 300 | _a13х. | ||
| 336 |
_2rdacontent _atext _btxt |
||
| 337 |
_2rdamedia _aunmediated _bn |
||
| 338 |
_2rdacarrier _avolume _bnc |
||
| 650 | _aнохой, үхэр, хонь | ||
| 942 |
_2NNA _cBK |
||
| 999 |
_c1084685 _d1084742 |
||